Lexikon der Kybernetik. A - E

Gespeichert in:
Bibliographische Detailangaben
Format: Buch
Sprache:Deutsch
Veröffentlicht: Berlin : Akademie Verlag, 1980
Tags: Tag hinzufügen
Keine Tags, Fügen Sie das erste Tag hinzu!

MARC

LEADER 00000nam a22000003a 4500
001 stu4707
005 20150408182057.0
008 931103s1980----ge------------------ger-d
040 |a STU  |b slo 
041 0 |a ger 
044 |a ge 
080 |a 519.7(035) 
080 |a 681.5(035) 
245 |a Lexikon der Kybernetik. A - E 
260 |a Berlin :  |b Akademie Verlag,  |c 1980 
300 |a 755 s 
996 |b 284EK08464  |c E*65132  |l EE0101  |s P  |a 0  |w stu4707_0001